000 01067cam a2200289 a 4500
001 167
003 BR-CuiBMT
005 20231030223920.0
008 230823s mgba 000 0 por d
020 _a9786555183610
040 _aBR-CuiBMT
_cBR-CuiBMT
080 _22007
_a342.8
090 _a342.8
_bC837p
_c2. ed.
100 1 _aCosta, Daniel Castro Gomes da
245 1 0 _aPartidos políticos e compliance /
_cDaniel Castro Gomes da Costa ; prefácio Luís Roberto Barroso.
246 1 4 _aPartidos políticos e compliance :
_binstituição de programa de integridade como forma de legitimar as atividades partidárias e consolidar a democracia representativa
250 _a2. ed., ampl e atual.
260 _aBelo Horizonte :
_bFórum,
_c2022.
300 _a354 p. :
_bil. ;
_c22 cm
504 _aInclui bibliografia.
590 _aA biblioteca possui a 1. reimpr. 2020
650 _aPartidos políticos
_xProgramas de compliance
650 _aDireito eleitoral
650 _aDemocracia representativa
650 _aDireito administrativo
942 _2udc
_cLV
999 _c167
_d167